Schnelle Mathematik - Zahlen im Hexadezimalsystem Level 12 - Statistiken

Allgemein
  • Dieses Quiz wurde 36 mal gespielt
  • Das Durchschnittsergebnis liegt bei 12 aus 40
Antwortstatistiken
Zahl Zahl % Korrekt
0 0
100%
1 1
100%
2 2
100%
3 3
100%
4 4
100%
4 4
100%
5 5
100%
7 7
100%
8 8
100%
C C
100%
C C
100%
D D
100%
0 0
75%
4 4
75%
1 1
67%
2 2
67%
8 8
67%
F F
67%
9 9
60%
F F
60%
0 0
50%
0 0
50%
4 4
50%
6 6
50%
8 8
50%
9 9
50%
A A
50%
A A
50%
A A
50%
B B
50%
B B
50%
B B
50%
C C
50%
E E
50%
7 7
40%
1 1
33%
2 2
33%
4 4
33%
5 5
33%
B B
33%
D D
33%
E E
33%
E E
33%
F F
33%
1 1
25%
2 2
25%
6 6
25%
6 6
25%
6 6
25%
7 7
25%
9 9
25%
E E
25%
E E
25%
5 5
20%
0 0
0%
0 0
0%
1 1
0%
1 1
0%
2 2
0%
2 2
0%
3 3
0%
3 3
0%
3 3
0%
3 3
0%
3 3
0%
4 4
0%
5 5
0%
5 5
0%
5 5
0%
6 6
0%
6 6
0%
7 7
0%
7 7
0%
7 7
0%
8 8
0%
8 8
0%
8 8
0%
9 9
0%
9 9
0%
9 9
0%
A A
0%
A A
0%
A A
0%
B B
0%
B B
0%
C C
0%
C C
0%
C C
0%
D D
0%
D D
0%
D D
0%
D D
0%
E E
0%
F F
0%
F F
0%
F F
0%
Keine übereinstimmenden Quizze gefunden
Verteilung der Resultate
Anzahl Personen mit jedem Resultat
Perzentil nach korrekt beantworteten Fragen
Ihre Resultats-Entwicklung
Sie haben dieses Quiz noch nicht gespielt